NO HANDS Tracklist (Joey Valence & Brae) - Statistics

General Stats
  • This quiz has been taken 15 times
  • The average score is 11 of 17
Answer Stats
# Title % Correct
3 NO HANDS (feat. Z-Trip)
100%
12 OMNITRIX
100%
7 THE BADDEST
100%
13 THE BADDEST (BADDER) (feat. Ayesha Erotica)
100%
1 BUSSIT
86%
8 OK
86%
4 LIKE A PUNK
71%
2 PACKAPUNCH (feat. Danny Brown)
71%
14 PINEAPPLE FRIED RICE
71%
17 365
57%
11 JOHN CENA
57%
15 CAN'T STOP NOW
43%
9 DOUGHBOY (feat. Terror Reid)
43%
16 FREAKS
43%
6 INTERMISSION 2
43%
5 WHERE U FROM
43%
10 WHAT U NEED
29%
No matching quizzes found
Score Distribution
Percent of People with Each Score
Percentile by Number Answered
Your Score History
You have not taken this quiz